Vista normal
Vista MARC
Entrada Topical Term
Número de registros utilizados en: 1
001 - CONTROL NUMBER
- control field: 38312
003 - CONTROL NUMBER IDENTIFIER
- control field: OSt
005 - DATE AND TIME OF LATEST TRANSACTION
- control field: 20210610123838.0
008 - FIXED-LENGTH DATA ELEMENTS
- fixed length control field: 210610|| aca||aabn | a|a d
040 ## - CATALOGING SOURCE
- Original cataloging agency: OSt
- Transcribing agency: OSt
150 ## - HEADING--TOPICAL TERM
- Topical term or geographic name entry element: Globalización
- General subdivision: Aspectos ambientales
670 ## - SOURCE DATA FOUND
- Source citation: Work cat.: (OSt)7983: Sachs, Wolfgang, 15997 autor, Un futuro justo : , 2007